Follow That Line: Mean Girls Quiz Stats

 Plays Quiz Updated Oct 1, 2018

Challenge
Share
Tweet
Embed
Score 0/24 Timer 08:00
8 Plays Today
% Correct
Oh my God, Karen, you can't just ask people why they're white.
93.7%
Gretchen, stop trying to make fetch happen! It's not going to happen!
93.4%
Your mom's chest hair!
93.3%
I'm a MOUSE. DUH.
92.9%
I'm not like a regular mom, I'm a cool mom.
92.4%
No. I don't send them, I just get them. So you better send me one, bee-yotch.
92.3%
But you could be wrong.
91.9%
I can stick my whole fist in my mouth! Wanna see?
91.6%
You're fat because I hate you.
91.5%
Stop making this about you. I'm the one that got hit by the bus.
91.1%
You smell like a baby prostitute.
91%
And I'm sorry for repeating it now.
90%
% Correct
We're going shopping.
88.9%
She asked me how to spell 'orange'.
88.3%
It's like seeing a dog walk on its hind legs.
88.2%
I don't know, now that she's getting fatter she's got pretty big jugs.
85.6%
Oh my God, that was one time!
84.1%
It was awesome.
82.6%
I didn't say anything.
82.4%
That's only okay when I say it!
80.9%
I guess it's probably because I've got a big lesbian crush on you!
77.7%
She doesn't even go here!
74.4%
Whatever, I'm getting cheese fries.
71.3%
Oh my God - Danny DeVito! I love your work!
65%

You're not logged in!

Compare scores with friends on all Sporcle quizzes.
OR
Log In

You Might Also Like...

Show Comments

Extras

Top Quizzes Today


Score Distribution

Your Account Isn't Verified!

In order to create a playlist on Sporcle, you need to verify the email address you used during registration. Go to your Sporcle Settings to finish the process.

Report this User

Report this user for behavior that violates our Community Guidelines.

Details: